150 premiers mots d'After saison 4 - Statistiques

Statistiques générales
  • Ce quiz a été pris 7 fois
  • Le résultat moyen est 88 sur 150
Statistiques - réponses
Réponse % Correct
à
100%
a
100%
d'
100%
de
100%
et
100%
J'
100%
j'
100%
Je
100%
je
100%
l'
100%
la
100%
La
100%
me
100%
n'
100%
s'
100%
au
83%
le
83%
Le
83%
les
83%
ma
83%
Ma
83%
mes
83%
ai
67%
aurais
67%
avoir.
67%
Bien
67%
dans
67%
dire
67%
Elle
67%
elle
67%
jamais
67%
jour,
67%
plus
67%
pour
67%
qu'
67%
que
67%
qui
67%
sa
67%
si
67%
son
67%
un
67%
une
67%
appartement
50%
avait
50%
bel
50%
cette
50%
comme
50%
disait
50%
habite
50%
ici.
50%
ici,
50%
Lui
50%
mère
50%
monde
50%
ne
50%
peu
50%
peu,
50%
sur
50%
Tout
50%
tout
50%
toute
50%
ville
50%
ville.
50%
vue
50%
amis
33%
bon,
33%
bord
33%
disais
33%
donnerait
33%
eau.
33%
eau
33%
habitude
33%
Maintenant
33%
même
33%
petite
33%
pouvait
33%
réussi
33%
rêvé
33%
sens
33%
sublime
33%
tiens
33%
toujours
33%
cité
17%
conte
17%
davantage
17%
éclat,
17%
émeraude
17%
estompe
17%
fascinant,
17%
fascination.
17%
fées
17%
hamster
17%
horizon
17%
ligne
17%
magazines
17%
magique
17%
magique,
17%
manquent.
17%
natale.
17%
paraissait
17%
perd
17%
photos
17%
pourtant.
17%
préférer
17%
rappelle
17%
remplis
17%
ressens
17%
roue.
17%
Seattle.
17%
surtout.
17%
vivre
17%
Aucun quiz correspondant
Distribution des résultats
% des personnes avec chaque résultat
Percentile par nombre de réponses
Votre historique - résultats
Vous n’avez pas pris ce quiz